Legal aspects in tourism and hospitality / (Record no. 57033)

MARC details
000 -LEADER
fixed length control field 01055nam a22002777a 4500
003 - CONTROL NUMBER IDENTIFIER
control field URS
005 - DATE AND TIME OF LATEST TRANSACTION
control field 20220124163743.0
008 - FIXED-LENGTH DATA ELEMENTS--GENERAL INFORMATION
fixed length control field 200811b2019 ph ||||| |||| 00| 0 eng d
020 ## - INTERNATIONAL STANDARD BOOK NUMBER
International Standard Book Number 9786214062065 (pbk)
040 ## - CATALOGING SOURCE
Language of cataloging eng
Transcribing agency URS
Description conventions rda
050 14 - LIBRARY OF CONGRESS CALL NUMBER
Classification number KPM 1030.3.T67
Item number L5225 2019
245 ## - TITLE STATEMENT
Title Legal aspects in tourism and hospitality /
Statement of responsibility, etc. Mario H. Maranan, Jovid Maricar D. Maranan, Cristina N. Caluza, Kenneth Lloyd G. Dela Cruz.
264 #1 - PRODUCTION, PUBLICATION, DISTRIBUTION, MANUFACTURE, AND COPYRIGHT NOTICE
Place of production, publication, distribution, manufacture Manila, Philippines :
Name of producer, publisher, distributor, manufacturer Mindshapers Co., Inc.,
Date of production, publication, distribution, manufacture, or copyright notice [2019]
264 #4 - PRODUCTION, PUBLICATION, DISTRIBUTION, MANUFACTURE, AND COPYRIGHT NOTICE
Date of production, publication, distribution, manufacture, or copyright notice ©2019
300 ## - PHYSICAL DESCRIPTION
Extent xii, 218 pages
Dimensions 26 cm.
504 ## - BIBLIOGRAPHY, ETC. NOTE
Bibliography, etc. note Includes bibliographical references and index.
546 ## - LANGUAGE NOTE
Language note Text in English
650 #0 - SUBJECT ADDED ENTRY--TOPICAL TERM
Topical term or geographic name entry element Tourist industry
General subdivision Law and legislation
Geographic subdivision Philippines.
650 #0 - SUBJECT ADDED ENTRY--TOPICAL TERM
Topical term or geographic name entry element Tourism
General subdivision Law and legislation
Geographic subdivision Philippines.
650 #0 - SUBJECT ADDED ENTRY--TOPICAL TERM
Topical term or geographic name entry element Hospitality industry
General subdivision Law and legislation
Geographic subdivision Philippines.
700 1# - ADDED ENTRY--PERSONAL NAME
Personal name Maranan, Mario H.
Relator term author
700 1# - ADDED ENTRY--PERSONAL NAME
Personal name Maranan, Jovid Maricar D.
Relator term author
700 1# - ADDED ENTRY--PERSONAL NAME
Personal name Caluza, Cristina N.
Relator term author
700 1# - ADDED ENTRY--PERSONAL NAME
Personal name Dela Cruz, Kenneth Lloyd G.
Relator term author
942 ## - ADDED ENTRY ELEMENTS (KOHA)
Source of classification or shelving scheme
Koha item type Filipiniana
Holdings
Withdrawn status Source of classification or shelving scheme Damaged status Not for loan Collection code Home library Current library Shelving location Date acquired Source of acquisition Total Checkouts Full call number Barcode Date last seen Price effective from Koha item type
  Library of Congress Classification     Non-fiction Tanay College Library Tanay College Library Reserve Section 12/29/2021 Purchase   KPM 1030.3.T67 L5225 2019 URSTAN-N3180 01/21/2022 01/21/2022 Filipiniana

University of Rizal System
Email us at univlibservices@urs.edu.ph

Visit our Website www.urs.edu.ph/library